00533nam a2200181Ia 450000500170000000800410001704000190005804100120007708200150008910000190010424500780012325000170020126000570021830000180027565000260029370000220031985000100034120230916105328.0131103s9999 xx 000 0 und d aLoreto College aEnglish a919.4bHIL aHill,Ernestine aWater ino goldcErnestine Hill;with forwords by Alex,F.Bell and H.D.Howie a9th ed. rev. aMelbournebRobertson & Mullensc1937 (1951 printing) a334 p.b ill. aAustralia - Geography aBell,Alex.F.auth. aLCLIB